000 01143nam0a2200325 4500
001 RU\NLR\bibl\380932
005 20250622153554.0
021 _aRU
_b2002-64354
_93128
035 _a(NLR Aleph) 000375342
090 _a421488
_c421488
100 _a20030220d2002 |||y0rusy50 ca
101 0 _arus
102 _aRU
105 _aa |||||||||
200 1 _aВоенно-морской энциклопедический словарь
_fРедкол.: В. И. Куроедов (гл. ред.) и др.
210 _aМ.
_cСтерлинг (Р) Груп С.А.
_d2002
215 _a1486 с.
_cил.
_d17
606 0 _aВоенно-морское дело
_jЭнциклопедические словари
_91135866
_3RU\NLR\auth\66132856
610 0 _aВоенно-морское дело - Энциклопедии
675 _a359(031)
_v3
_zrus
686 _a78.27
_2rugasnti
686 _a68.54я2
_2rubbk
686 _aЦ66я20
702 1 _aКуроедов
_bВ. И.
_4340
801 0 _aRU
_bRKP
_c20030220
_gPSBO
801 1 _aRU
_bRKP
_c20030220
801 2 _aRU
_bNLR
_c20030425
_grcr
942 _cBOOK
980 _aNB